ST- Vocabulary Words - Statistics

General Stats
  • This quiz has been taken 172 times
    171 since last reset
  • The average score is 11 of 20
Answer Stats
Hint Answer % Correct
high heel stiletto
92%
food processing organ stomach
88%
messy mark on material stain
87%
dead at birth stillborn
83%
bad weather storm
83%
company shares stock
81%
walk drunkenly stagger
75%
type of comedy standup
67%
taker of dictation in shorthand stenographer
65%
German beer mug stein
64%
fish species sturgeon
58%
to try earnestly strive
56%
layers strata
41%
layer stratum
39%
mean, selfish stingy
33%
make political campaign speeches stump
31%
high-spirited horse steed
28%
cheapest cabins on a ship steerage
25%
to specify stipulate
19%
to block or obstruct (6 letters) stymie
19%
No matching quizzes found
Score Distribution
Percent of People with Each Score
Percentile by Number Answered
Your Score History
You have not taken this quiz since the last reset